Bharatiya Vadic Vastukala.. (Record no. 9434)
[ view plain ]
| 000 -LEADER | |
|---|---|
| fixed length control field | 00365nam a2200133Ia 4500 |
| 008 - FIXED-LENGTH DATA ELEMENTS--GENERAL INFORMATION | |
| fixed length control field | 220803s9999 xx 000 0 und d |
| 041 ## - LANGUAGE CODE | |
| Language code of text/sound track or separate title | eng |
| 082 ## - DEWEY DECIMAL CLASSIFICATION NUMBER | |
| Classification number | 728.38 AGR |
| 100 ## - MAIN ENTRY--PERSONAL NAME | |
| Personal name | Agraval K C |
| 9 (RLIN) | 11394 |
| 245 ## - TITLE STATEMENT | |
| Title | Bharatiya Vadic Vastukala.. |
| 260 ## - PUBLICATION, DISTRIBUTION, ETC. (IMPRINT) | |
| Place of publication, distribution, etc. | New Delhi |
| Name of publisher, distributor, etc. | Vastu Vedic Research Foundation |
| 500 ## - GENERAL NOTE | |
| Keywords | Architecture |
| 650 ## - SUBJECT ADDED ENTRY--TOPICAL TERM | |
| Topical term or geographic name as entry element | Architectural History |
| 9 (RLIN) | 11395 |
| Withdrawn status | Lost status | Damaged status | Not for loan | Collection code | Home library | Current library | Shelving location | Date acquired | Vendor | Cost, normal purchase price | Total Checkouts | Full call number | Barcode | Date last seen | Cost, replacement price | Bill Date | Koha item type | Original Barcode |
|---|---|---|---|---|---|---|---|---|---|---|---|---|---|---|---|---|---|---|
| Book of B Arch | Dr. Bhanuben Nanavati College of Architecture | Dr. Bhanuben Nanavati College of Architecture | 27/02/1996 | Uplekar Anand | 90.00 | 728.38 AGR | BNCA-BK-1135 | 30/10/2023 | 90.00 | 27/02/1996 | Books | B001135 |